La vida cotidiana en la Alemania romántica 1795-1830

Saved in:
Bibliografiske detaljer
Hovedforfatter: Bianquis, Genevieve
Format: Bog
Sprog:spansk
Udgivet: Barcelona Argos Vergara 1984
Fag:
Tags: Tilføj Tag
Ingen Tags, Vær først til at tagge denne postø!

MARC

LEADER 00000nam a2200000 a 4500
001 UCX1958
003 CL-VaPUC
005 20211117074520.0
008 901204e19840000SP |||||||||||||||||spa|d
999 |c 223081  |d 223079 
040 |c Pontificia Universidad Católica de Valparaíso 
082 0 4 |a 943.06 BIA 1984  |2 21 
100 0 |a Bianquis, Genevieve  |9 317682 
245 1 3 |a La vida cotidiana en la Alemania romántica 1795-1830 
260 |a Barcelona  |b Argos Vergara  |c 1984 
300 |a 209 páginas 
583 |a last modification  |c 19901204 00:00:00  |k Rodrigo Vera 
650 7 |a HISTORIA 1789-1830  |2 CL-VaPUC  |9 317683 
651 0 |a Alemania  |9 255688 
942 |c BK  |2 ddc 
945 |d 19901204 00:00:00 
952 |0 0  |1 0  |2 ddc  |4 0  |6 943_060000000000000_BIA_1984  |7 0  |8 A  |9 218531  |a BIBHIS  |b BIBHIS  |d 2019-11-15  |i 2873400  |o 943.06 BIA 1984  |p 2873400  |r 2025-01-20  |t 2  |w 2019-11-15  |y BK  |k HIS 
952 |0 0  |1 0  |2 ddc  |4 0  |6 943_060000000000000_BIA_1984  |7 0  |8 P  |9 218532  |a BIBDER  |b BIBDER  |d 2019-11-15  |i 384689K  |o 943.06 BIA 1984  |p 384689K  |r 2023-01-25  |t 1  |w 2019-11-15  |y BK  |k DER